Multānī : (Record no. 331092)

000 -LEADER
fixed length control field 01371cam a2200361 a 4500
001 - CONTROL NUMBER
control field 15580170
003 - CONTROL NUMBER IDENTIFIER
control field NUST
005 - DATE AND TIME OF LATEST TRANSACTION
control field 20170911132305.0
008 - FIXED-LENGTH DATA ELEMENTS--GENERAL INFORMATION
fixed length control field 090109s2007 pk b 000 0 urdo
010 ## - LIBRARY OF CONGRESS CONTROL NUMBER
LC control number 2008327726
020 ## - INTERNATIONAL STANDARD BOOK NUMBER
International Standard Book Number 9789695032831
020 ## - INTERNATIONAL STANDARD BOOK NUMBER
International Standard Book Number 9695035299
020 ## - INTERNATIONAL STANDARD BOOK NUMBER
International Standard Book Number 9695035299
025 ## - OVERSEAS ACQUISITION NUMBER
Overseas acquisition number P-U-2008327726 ; 20
040 ## - CATALOGING SOURCE
Original cataloging agency DLC
Transcribing agency DLC
042 ## - AUTHENTICATION CODE
Authentication code lcode
043 ## - GEOGRAPHIC AREA CODE
Geographic area code a-pk---
050 00 - LIBRARY OF CONGRESS CALL NUMBER
Classification number DS392.M85
Item number P37 2007
082 ## - DEWEY DECIMAL CLASSIFICATION NUMBER
Classification number 954.9145
Author Mark PER
100 1# - MAIN ENTRY--PERSONAL NAME
Personal name Parvez, Sajjād Ḥaidar,
Dates associated with a name 1961-
9 (RLIN) 4536
245 10 - TITLE STATEMENT
Title Multānī :
Remainder of title Multān kī tārīk̲h̲, tahzīb va s̲aqāfat /
Statement of responsibility, etc. Sajjād Ḥaidar Parvez ; mudīr Sajjād Ḥaidar.
246 14 - VARYING FORM OF TITLE
Title proper/short title Multān kī tārīk̲h̲, tahzīb va s̲aqāfat
260 ## - PUBLICATION, DISTRIBUTION, ETC.
Place of publication, distribution, etc. Lāhore :
Name of publisher, distributor, etc. al-Faiṣal ;
Place of publication, distribution, etc. Islāmābād :
Name of publisher, distributor, etc. Lok Virs̲ah,
Date of publication, distribution, etc. 2007.
300 ## - PHYSICAL DESCRIPTION
Extent 282 p. ;
Dimensions 22 cm.
504 ## - BIBLIOGRAPHY, ETC. NOTE
Bibliography, etc. note Includes bibliographical references (p. 280-282).
520 ## - SUMMARY, ETC.
Summary, etc. Historical and cultural study of Multān, Pakistan from ancient times to 19th century.
546 ## - LANGUAGE NOTE
Language note In Urdu.
651 #0 - SUBJECT ADDED ENTRY--GEOGRAPHIC NAME
Geographic name Multān District (Pakistan)
General subdivision History.
9 (RLIN) 4537
651 #0 - SUBJECT ADDED ENTRY--GEOGRAPHIC NAME
Geographic name Multān District (Pakistan)
General subdivision Social life and customs.
9 (RLIN) 4538
700 1# - ADDED ENTRY--PERSONAL NAME
Personal name Ḥaidar, Sajjād,
Dates associated with a name 1919-
9 (RLIN) 4539
710 2# - ADDED ENTRY--CORPORATE NAME
Corporate name or jurisdiction name as entry element National Institute of Folk and Traditional Heritage.
9 (RLIN) 4540
880 ## - ALTERNATE GRAPHIC REPRESENTATION
Linkage 100-01\(3\r
Title سجاد حیدر پرویز
880 ## - ALTERNATE GRAPHIC REPRESENTATION
Linkage 245-02\(3\r
Title ملتانی:
b ملتان کی تاریخ، تہزیب و ثقافت
880 ## - ALTERNATE GRAPHIC REPRESENTATION
Linkage 260-03\(3\r
Title لاہور:
b الفیصل ناشران،
c 2007
906 ## - LOCAL DATA ELEMENT F, LDF (RLIN)
a 7
b cbc
c origode
d 3
e ncip
f 20
g y-gencatlg
942 ## - ADDED ENTRY ELEMENTS (KOHA)
Source of classification or shelving scheme
Koha item type Book
Holdings
Withdrawn status Lost status Source of classification or shelving scheme Damaged status Not for loan Collection code Permanent Location Current Location Shelving location Date acquired Total Checkouts Full call number Barcode Date last seen Date last checked out Copy number Price effective from Koha item type
            Central Library (CL) Central Library (CL) Book Cart 09/11/2017 1 954.9145 PER CL2822 07/06/2022 06/16/2022 1 09/11/2017 Book
© 2023 Central Library, National University of Sciences and Technology. All Rights Reserved.